Statistics for Countries or Capitals Beginning or Ending in I

Click here to take the quiz!

General Stats

  • This quiz has been taken 130 times
  • The average score is 20 of 30

Answer Stats

Answer % Correct
Indonesia
93%
Ireland
90%
Iceland
90%
India
90%
Iran
84%
Iraq
84%
Italy
81%
Israel
79%
Mali
74%
Fiji
73%
Dili
71%
Djibouti
69%
Islamabad
65%
Helsinki
65%
Kiribati
63%
Hanoi
60%
Malawi
58%
Kigali
58%
Burundi
57%
New Delhi
55%
Tbilisi
55%
Tripoli
55%
Brunei
55%
Haiti
54%
Nairobi
52%
Abu Dhabi
49%
Taipei
47%
Bangui
46%
Moroni
45%
Funafuti
43%

Score Distribution

Percentile by Number Answered

Percent of People with Each Score

Your Score History

You have not taken this quiz